000 00764nam a2200205Ia 4500
008 0000002010 usa 0000000000eng00
020 _a9780897974073
090 _aPSC00 C65s 2010
100 1 _aConroy, Stephen
245 1 0 _aStephen Conroy
_b: recent paintings
300 _a[36]p.
_c/ 30 cm.
500 _aExposición realizada en Marlborough Gallery de New York entre el 30 de noviembre al 30 de diciembre de 2010 \ Incluye datos biográficos y cronología artistica
600 0 0 _a CONROY, STEPHEN, 1964/
_xTRABAJOS PICTORICOS
650 1 4 _a PINTURA ESCOCESA
650 1 4 _xCATALOGOS
650 1 4 _xEXPOSICIONES
650 1 4 _aPINTORES ESCOCESES
650 1 4 _aPINTURA MODERNA ESCOCESA
999 _c14102
_d14102
260 _aNew York : Marlborough Gallery
_c2010